Ciencias sociales : primer ciclo egb :

Guardado en:
Autor Principal: Ajón, Andrea
Otros Autores: Betina Akselrad, Diana González, Mabel Scaltritti
Formato: Libro
Publicado: Buenos Aires : Ministerio de Educación , Ciencia y Tecnología
Series:Cuadernos para el aula
Materias:
Nap
Etiquetas: Agregar Etiqueta
Sin Etiquetas, Sea el primero en etiquetar este registro!
LEADER 01006nam a22002415a 4500
001 CEM.cems012167
005 20071121164958.0
008 130507b######################000#0#####d
003 CEMS
082 0 4 |a 372.83 
100 1 |a Ajón, Andrea 
245 1 0 |a Ciencias sociales :  |b primer ciclo egb :  |c Andrea Ajón, Betina Akselrad , Diana González, Mabel Scaltritti 
260 |a Buenos Aires :  |b  Ministerio de Educación , Ciencia y Tecnología 
300 |a 113 p. 
490 0 |a Cuadernos para el aula 
505 0 |a Enseñar Ciencias sociales en el primer ciclo -- Las sociedades y los espacios geográficos -- Las sociedades a través del tiempo -- Las actividades humanas y la organización social -- En diálogo, siempre abierto -- Bibliografía 
653 |a Ciencias sociales 
653 |a Nap 
653 |a Núcleos de aprendizaje prioritario 
700 1 |a Betina Akselrad 
700 1 |a Diana González 
700 1 |a Mabel Scaltritti 
859 |a CEMS  |b BIB. CEMS - 11 de abril  |h 372.83  |i Aj73  |p 23387.06  |t Ej.1  |v 1  |3 1